Statystyki dla MARKI OLEJÓW SILNIKOWYCH

Kliknij tutaj aby rozwiązać quiz!

Ogólne statystyki

  • Ten quiz został rozwiązany 62 razy
  • Średni wynik to 3 z 6

Statystyki odpowiedzi

Odpowiedź% Poprawnych
CASTROL
79%
MOBIL
49%
ORLEN
47%
SHELL
45%
LOTOS
36%
STATOIL
8%

Rozkład punktacji

Percentyl według liczby udzielonych odpowiedzi

Procent ludzi z każdym wynikiem

Twoja historia wyników

Nie rozwiązałeś tego quizu